Research Methods in Social Relations (Record no. 343524)
[ view plain ]
| 000 -LEADER | |
|---|---|
| fixed length control field | 00356 a2200145 4500 |
| 082 ## - DEWEY DECIMAL CLASSIFICATION NUMBER | |
| Classification number | 300.72 |
| 090 ## - LOCALLY ASSIGNED LC-TYPE CALL NUMBER (OCLC); LOCAL CALL NUMBER (RLIN) | |
| -- | 986 |
| -- | 986 |
| 100 ## - MAIN ENTRY--PERSONAL NAME | |
| Personal name | Louise H Kidder |
| 245 ## - TITLE STATEMENT | |
| Title | Research Methods in Social Relations |
| 250 ## - EDITION STATEMENT | |
| Edition statement | 5th ed |
| 260 ## - PUBLICATION, DISTRIBUTION, ETC. | |
| Place of publication, distribution, etc. | Islamabad |
| Name of publisher, distributor, etc. | National Book Foundation |
| Date of publication, distribution, etc. | 2007 |
| 300 ## - PHYSICAL DESCRIPTION | |
| Extent | 563 p. |
| 500 ## - GENERAL NOTE | |
| General note | hardcover |
| 942 ## - ADDED ENTRY ELEMENTS (KOHA) | |
| Institution code [OBSOLETE] | NBS |
| Koha item type | Book |
| Call number prefix | 300.72 KID |
| Withdrawn status | Lost status | Damaged status | Not for loan | Permanent Location | Current Location | Date acquired | Total Checkouts | Full call number | Barcode | Date last seen | Date last checked out | Price effective from | Koha item type |
|---|---|---|---|---|---|---|---|---|---|---|---|---|---|
| Central Library (CL) | Central Library (CL) | 08/28/2013 | 1 | 300.72 KID | NBSD-504 | 11/22/2017 | 07/20/2017 | 08/28/2013 | Book | ||||
| Central Library (CL) | Central Library (CL) | 08/28/2013 | 1 | 300.72 KID | NBSD-505 | 05/20/2015 | 05/20/2015 | 08/28/2013 | Book | ||||
| Central Library (CL) | Central Library (CL) | 08/28/2013 | 1 | 300.72 KID | NBSD-507 | 11/22/2017 | 07/20/2017 | 08/28/2013 | Book |
